| 000 | 00825nam a2200241 i 4500 | ||
|---|---|---|---|
| 001 | 9173 | ||
| 003 | ES-MaACL | ||
| 005 | 20240205170332.0 | ||
| 007 | t| | ||
| 008 | 930521s1985 fr a |||| |dfre d | ||
| 080 | _a75 Clavé, Antoni (083.824) | ||
| 080 | _a929 Picasso, Pablo | ||
| 100 | 1 |
_aClavé, Antoni. _939110 |
|
| 245 | 1 | 0 |
_aA don Pablo _b: hommage á Picasso : 13 peintures et collages de Antoni Clavé : Galerie Regards, 22 mai-22 juin 1985. |
| 260 |
_aParis : _bGalerie Regards, _c1985. |
||
| 300 |
_a[30] p. : _bprincipalmente il. col. ; _c30 cm. |
||
| 600 | 1 | 4 |
_aClavé, Antoni- _vExposiciones. _939111 |
| 600 | 1 | 4 |
_aPicasso, Pablo, _d1881-1973- _vHomenajes _991798 |
| 655 | 7 |
_2tgfbne _9193628 _aCatálogos de exposiciones |
|
| 852 |
_aES-MaACL _jL-16673 |
||
| 942 | _2udc | ||
| 999 |
_c9173 _d9173 |
||